000 00304nam a22001337a 4500
008 170306b xxu||||| |||| 00| 0 eng d
020 _a313125601X
041 _aeng
080 _a611
100 _a6
101 _aSHM
245 _aPOCKET ATLAS OF CROSS-SECTIONAL ANATOMY
_cMOLLER, T.B
942 _2udc
_cBK
999 _c6861
_d6861